00681cam a22001217a 4500008003800000082001600038245017800054260011100232500004700343650002900390650003700419700010300456180718b-- xxu||||| |||| 00| 0 eng d aK312x54 In2 aBrochure on reservation for scheduled castes and scheduled tribes in servicescby Department of Personnel and Training, Ministry of Personnel, Public Grievances and Pensions aNew DelhibDepartment of Personnel and Training, Ministry of Personnel, Public Grievances and Pensionsc-- aLibrary has the editions ist, 3rd-6th, 8th aBackward classes - India aReservation - Employment - India aIndia. Ministry of Personnel, Public Grievances and Pensions. Department of Personnel and Training